000
00210nam a22000977a 4500
008
230929b |||||||| |||| 00| 0 eng d
100
_a
Ajmer Rode
_9
4878
245
_a
Kamagata Maru
300
_a
120
942
_c
BK
999
_c
27769
_d
27769